[Event "SVK-ch U10"]
[Site "Tatralandia"]
[Date "2024.04.06"]
[Round "2"]
[White "Mrekaj, Teo"]
[Black "Lazur, Richard"]
[Result "0-1"]
[WhiteElo "1000"]
[BlackElo "1008"]
[PlyCount "82"]
[EventDate "2024.04.05"]
[EventType "swiss"]
[EventRounds "9"]
[EventCountry "SVK"]
[SourceTitle "CB16_2024"]
[SourceDate "2024.04.17"]
[SourceVersion "1"]
[SourceVersionDate "2024.04.17"]
[SourceQuality "1"]

1. e4 e5 2. Nf3 Nc6 3. Bc4 Nf6 4. 0-0 Bc5 5. d3 h6 6. Nc3 0-0 7. Nh4 d6 8. h3 Nxe4 9. Nxe4 Qxh4 10. Qf3 Be6 11. Nxc5 dxc5 12. Qg3 Qxg3 13. fxg3 Bxc4 14. dxc4 Nd4 15. Rb1 Nxc2 16. Rf2 Nd4 17. Be3 Rad8 18. Rd2 Rfe8 19. Re1 f6 20. a3 b6 21. Bxd4 cxd4 22. b4 e4 23. c5 bxc5 24. bxc5 e3 25. Rd3 Re4 26. Kf1 Rb8 27. Ke2 Rb2+ 28. Kf3 f5 29. g4 Rf2+ 30. Kg3 f4+ 31. Kh2 f3 32. Kg3 fxg2 33. Rg1 e2 34. Rf3 Rxf3+ 35. Kxf3 e1Q 36. Rxe1 Rxe1 37. Kxg2 d3 38. Kg3 d2 39. Kh4 d1Q 40. Kh5 Re5+ 41. Kh4 Qe1# 0-1

[Event "SVK-ch U10"]
[Site "Tatralandia"]
[Date "2024.04.05"]
[Round "1"]
[White "Lazur, Richard"]
[Black "Srnak, Martin"]
[Result "0-1"]
[WhiteElo "1008"]
[BlackElo "1648"]
[PlyCount "50"]
[EventDate "2024.04.05"]
[EventType "swiss"]
[EventRounds "9"]
[EventCountry "SVK"]
[SourceTitle "CB16_2024"]
[SourceDate "2024.04.17"]
[SourceVersion "1"]
[SourceVersionDate "2024.04.17"]
[SourceQuality "1"]

1. c4 e5 2. Nc3 Bc5 3. g3 Nf6 4. Bg2 0-0 5. e4 Nc6 6. Nge2 d6 7. 0-0 Bg4 8. h3 Be6 9. d3 Qd7 10. Kh2 Ne7 11. f4 Qd8 12. f5 Bd7 13. d4 exd4 14. Nxd4 Bxd4 15. Qxd4 Nc6 16. Qd1 Ne5 17. Bg5 Nfg4+ 18. hxg4 Qxg5 19. Bh3 Nxc4 20. Qb3 Nd2 21. Qxb7 Nxf1+ 22. Rxf1 Qd2+ 23. Bg2 Rab8 24. Qxa7 Rxb2 25. Qxc7 Qxg2# 0-1